| 000 | 01161cac a22003375a 4500 | ||
|---|---|---|---|
| 999 |
_c4730 _d4730 |
||
| 003 | EG-ScBUE | ||
| 005 | 20191222100850.0 | ||
| 008 | 190718t2005 enka f 000 0 eng d | ||
| 020 | _a1859647863 | ||
| 020 | _a9781859647868 | ||
| 040 |
_aEG-ScBUE _beng _erda _cEG-ScBUE _dEG-ScBUE |
||
| 082 | 0 | 4 |
_a428.24 _bPHI _222 |
| 100 | 1 |
_aPhillips, Terry, _d1949- _eauthor. |
|
| 245 | 1 | 0 |
_aSkills in English. _nlevel 2, _pReading : teacher's book / _cTerry Phillips, Anna Phillips. |
| 246 | 3 | 0 |
_aReading : _bteacher's book |
| 250 | _aSecond edition. | ||
| 250 | _aReprint edition. | ||
| 264 | 1 |
_aReading, UK : _bGarnet Education, _c2005. |
|
| 300 |
_a104 pages : _billustrations ; _c26 cm |
||
| 336 |
_2rdacontent _atext _btxt |
||
| 337 |
_2rdamedia _aunmediated _bn |
||
| 338 |
_2rdacarrier _avolume _bnc |
||
| 520 | _aPreparing students for entry into colleges and universities. | ||
| 590 | _aMohamed. | ||
| 650 | 7 |
_aEnglish language _vTextbooks for foreign speakers. _2BUEsh |
|
| 650 | 7 |
_aReading skills. _2BUEsh |
|
| 653 |
_bHHUUEENN _cJuly2019 |
||
| 655 | _vReading book | ||
| 700 | 1 |
_aPhillips, Anna, _d1954- _eauthor. |
|
| 942 |
_cBB _k428.24 PHI _2ddc |
||